=LDR 00000nam 2200000 4500 =001 INLIS000000000018617 =005 20201014083214 =035 ##$$a 0010-061300000018617 =008 201014################g##########0#ind## =041 ##$$a Ind =082 ##$$a 310.04 =090 ##$$a 310.04, San m =100 ##$$a Santoso, Singgih =245 1#$$a Mengatasi berbagai masalah statistik dengan SPSS versi 11.5, Singgih Santoso /$c Singgih Santoso =260 ##$$a Jakarta :$b Elex Media Komputindo,$c 2003 =300 ##$$a xi, 591 hlm. : $b ilus ; $c 21 x 14 cm. =650 #4$$a Statistik - SPSS Versi 11.5 =850 ##$$a NBPNMAT =020 ##$$a 979-20-4888-X =084 ##$$a 310.04 SAN m =250 ##$$a cet. 1 =990 ##$$a 10312142 =990 ##$$a 10312140 =990 ##$$a 10312143